000 00847nam a2200277 i 4500
003 DO-SdBNP
005 20240304095442.0
007 ta
008 240304s1967 dr 000 0 spa d
040 _aDO-SdBNP
_bspa
_cBNPHU
_erda
082 4 _bP977h
_222
100 1 _aPuello, Magin Domingo
_eautor
_952164
245 1 0 _aHistoria dominicana desde 1844 a 1930 :
_b5to curso /
_cMagin Domingo Puello, Antonio Ontoria Peña
264 1 _aSanto Domingo :
_bSantillana,
_c1967
300 _a93 páginas
_c27 cm.
336 _2rdacontent
_atexto
_btxt
337 _2rdamedia
_asin mediación
_bn
338 _2rdacarrier
_avolumen
_bnc
500 _a
590 _aInventariado, 2023/ DG
650 4 _aPoesía dominicana
650 4 _aLiteratura dominicana
700 _aOntoria Peña, Antonio
_eautor
_984966
910 _aDG
942 _2ddc
_cLBS1
999 _c56023
_d56023